Statistics for Element Symbol by letter "T"

Click here to take the quiz!

General Stats

  • This quiz has been taken 26 times
  • The average score is 6 of 9

Answer Stats

HintAnswer% Correct
TiTitanium
100%
TcTechnetium
88%
TeTellurium
75%
TlThallium
75%
ThThorium
75%
TaTantalum
63%
TbTerbium
63%
TsTennessine
38%
TmThulium
38%

Score Distribution

Percentile by Number Answered

Percent of People with Each Score

Your Score History

You have not taken this quiz